Logo BPK

Biblioteka

Politechniki Koszalińskiej

Rozwój gospodarczy Polski XVI-XVIII w. / (Rekord nr 29931)

Szczegóły MARC
000 -ETYKIETA REKORDU
podpole kontrolne o stałej długości 00316nam a2200133 i 4500
001 - NUMER KONTROLNY REKORDU
pole kontrolne bg
040 ## - ŹRÓDŁO KATALOGOWANIA
Instytucja, która utworzyła rekord BPK
041 ## - KOD JĘZYKA
Kod języka tekstu pol
008 - POLE O STAŁEJ DŁUGOŚCI - DANE KONTROLNE
podpole kontrolne o stałej długości s pl f |000 0 pol
100 1# - NAZWA OSOBOWA
Nazwa osobowa KULA, Witold
245 #0 - TYTUŁ/ODPOWIEDZIALNOŚĆ
Tytuł Rozwój gospodarczy Polski XVI-XVIII w. /
Pozostałe elementy strefy tytułu i oznaczenia odpowiedzialności Witold Kula.
260 ## - STREFA ADRESU WYDAWNICZEGO
Miejsce wydania Warszawa,
Data publikacji, dystrybucji/powstania dokumentu 1993.
856 ## - LOKALIZACJA I DOSTĘP DO ELEKTRONICZNYCH DOKUMENTÓW ZDALNYCH
Link (URL) http://koha.tu.koszalin.pl/cgi-bin/koha/opac-detail.pl?biblionumber=29931
Tekst linku Katalog online BPK
942 ## - DODATKOWE ELEMENTY (KOHA)
Typ dokumentu Książka
Egzemplarze
Wycofany Status egzemplarza Uszkodzony Dostępność Lokalizacja stała Lokalizacja bieżąca Miejsce przechowywania Sygnatura Kod kreskowy Dział Typ dokumentu
      Tylko na miejscu Biblioteka Politechniki Koszalińskiej Biblioteka Politechniki Koszalińskiej Czytelnia Wydziałowa ul. Kwiatkowskiego 6e 36407 02072968 338.1(091) Historia gospodarcza Książka
© 2023 Biblioteka Politechniki Koszalińskiej :: KOHA